00652 2200217 4500001002100000005001700021008004100038020002200079035002500101040001200126082001600138084002200154100002100176245007900197260003400276300003800310650003500348700001700383850001200400990002200412INLIS00000000001738120160210094103.0  a978-979-29-1628-7 a0010-021600000000469 aYOPDYOG 223a004.118 aDEP 004.118 Zam P aZAMRONY P.JUHARA aPrograman Game 3D dengan directXc/ Zamrony P.Juhara; Editor, Oktaviani Hs aYogyakartabAndi Offsetc2011 axxiv, 470 hlm.b; Ilus.c: 28 cm. aKomputer, sistem pengoperasian aOKTAVIANI Hs aYOPDYOG aCB-D.11/2011-1262